000 00506nam a2200181Ia 4500
005 20250508162434.0
008 008 250505s9999 xx 000 0 eng d
037 _aTextual
040 _aFEDL
_beng
_cFEDL
041 _aeng
_2eng
084 _a371.394, PLU
_qFEDL
100 _aPluckrose Henry
_9423284
245 0 _aOpen school, open society
260 _aLondon, UK
_bEvans Brothers Limited
_c1975
300 _aix,101p.
942 _cTEXL
_h371.394, PLU
999 _c1376541
_d1376541